| 000 | 01084cam a22003014a 4500 | ||
|---|---|---|---|
| 001 | 16011862 | ||
| 005 | 20170105102849.0 | ||
| 008 | 091208s2009 ii b 000 0 eng | ||
| 010 | _a 2009305630 | ||
| 020 | _a9780670083695 | ||
| 025 | _aI-E-2009-305630; 63-91 | ||
| 037 |
_bLibrary of Congress -- New Delhi Overseas Office _cRs450.00 |
||
| 040 |
_aDLC _cDLC _dDLC |
||
| 042 | _alcode | ||
| 043 | _aa-ii--- | ||
| 050 | 0 | 0 |
_aHV6433.I4 _bC66 2009 |
| 245 | 0 | 0 |
_aConfronting terrorism / _cedited by Maroof Raza ; with a foreword by Stephen P. Cohen. |
| 260 |
_aNew Delhi : _bPenguin Viking, _c2009. |
||
| 300 |
_axxxv, 201 p. ; _c23 cm. |
||
| 504 | _aIncludes bibliographical references (p. 181-198). | ||
| 520 | _aContributed articles with reference to India. | ||
| 650 | 0 |
_aTerrorism _zIndia _xPrevention. |
|
| 650 | 0 |
_aTerrorism _xGovernment policy _zIndia. |
|
| 700 | 1 | _aRaza, M. Maroof. | |
| 906 |
_a7 _bcbc _corigode _d3 _encip _f20 _gy-gencatlg |
||
| 942 |
_2ddc _cBK |
||
| 999 |
_c14189 _d14189 |
||